Circular Economy in the Context of Social Requirements and Market Constraints I. Proceedings of Scientific Papers

Salvato in:
Dettagli Bibliografici
Ente Autore: Fakulta podnikového manažmentu EU. Katedra podnikovohospodárska
Altri autori: Hrušovská, Dana, 1964-, Švejdová, Nikola, Joniaková, Zuzana, 1970-
Natura: Libro
Lingua:inglese
slovacco
Pubblicazione: České Budějovice Vysoká škola evropských a regionálních studií 2023
Edizione:1st Edition
Soggetti:
Tags: Aggiungi Tag
Nessun Tag, puoi essere il primo ad aggiungerne!!

MARC

LEADER 00000nlm a2200000 4500
001 0297782
005 20240502084002.8
020 |a 978-80-7556-139-8 
041 0 |a eng 
041 0 |a slo 
044 |a CZ 
245 1 0 |a Circular Economy in the Context of Social Requirements and Market Constraints I.  |b Proceedings of Scientific Papers  |c Daniela Rybárová et al., Editorial and Compilation Work: Dana Hrušovská ; Scietific Rewiewers: Nikola Švejdová, Zuzana Joniaková 
250 |a 1st Edition 
264 1 |a České Budějovice  |b Vysoká škola evropských a regionálních studií  |c 2023 
300 |a CD-ROM 133 s. [9,8 AH] 
610 2 0 |a hospodárstvo obehové 
610 2 0 |a trh 
610 2 0 |a modely obchodné 
610 2 0 |a dane ekologické 
610 2 0 |a hospodárstvo odpadové 
610 2 0 |a recyklácia odpadu 
610 2 0 |a vlastníctvo duševné 
610 2 0 |a odpad komunálny 
700 1 |a Hrušovská, Dana, 1964- 
700 1 |a Švejdová, Nikola 
700 1 |a Joniaková, Zuzana, 1970- 
710 2 |a Fakulta podnikového manažmentu EU. Katedra podnikovohospodárska